| 000 | 00546nam a2200193 a 4500 | ||
|---|---|---|---|
| 001 | 1770711733736 | ||
| 003 | YourLibrary | ||
| 005 | 20260210143746.0 | ||
| 008 | 260210s1993##################000#0#eng## | ||
| 020 | _a9780521425292 | ||
| 082 | 0 | 4 |
_a306.44089 _bHIL |
| 100 | 1 |
_aHill, Jane H., _eauthor. |
|
| 245 | 1 | 0 | _aResponsibility and Evidence in Oral Discourse : |
| 260 |
_bCambridge University Press, _c1993. |
||
| 300 | _a332 pages | ||
| 650 | 0 | _aLanguage Arts & Disciplines. | |
| 942 | _cENGLISH | ||
| 040 |
_aYourLibrary _beng _cYourLibrary |
||
| 999 |
_c611481 _d611481 |
||